[Event "Kalamazoo op09"]
[Site "Kalamazoo"]
[Date "1999.09.18"]
[Round "1"]
[White "Miller, David"]
[Black "Mathews, Jeff"]
[Result "1-0"]
[WhiteElo "1755"]
[BlackElo "1527"]
[PlyCount "105"]
[EventDate "1999.09.18"]
[EventType "swiss"]
[EventRounds "3"]
[EventCountry "USA"]
[SourceTitle "EXT 2007"]
[Source "ChessBase"]
[SourceDate "2006.11.23"]
[SourceVersion "1"]
[SourceVersionDate "2006.11.23"]
[SourceQuality "1"]

1. e4 e5 2. Nf3 Nc6 3. Bb5 a6 4. Ba4 Nf6 5. d3 d6 6. c3 Be7 7. 0-0 Bg4 8. Nbd2 Qd7 9. Re1 0-0-0 10. Nf1 h6 11. Ne3 h5 12. Nd5 b5 13. Bb3 Nxd5 14. Bxd5 f5 15. Qb3 f4 16. a4 Na5 17. Qb4 Nc6 18. Qa3 Na7 19. axb5 Qxb5 20. c4 Qb6 21. Qxa6+ Qxa6 22. Rxa6 Kb8 23. Bd2 Bc8 24. Ra3 c6 25. Rea1 Rd7 26. Be6 Rb7 27. Bxc8 Rxc8 28. b4 g5 29. Bc3 g4 30. Nd2 Rcc7 31. d4 Kc8 32. dxe5 dxe5 33. Bxe5 Bxb4 34. Bxc7 Bxa3 35. Bxf4 Bc5 36. Rb1 Rxb1+ 37. Nxb1 Kd7 38. h3 Nc8 39. Kf1 Nb6 40. Nd2 Bb4 41. hxg4 hxg4 42. Be3 c5 43. Ke2 Bxd2 44. Kxd2 Nxc4+ 45. Ke2 Kd6 46. f4 gxf3+ 47. gxf3 Nb6 48. f4 Nd7 49. Kf3 c4 50. f5 c3 51. Bf4+ Ne5+ 52. Ke3 Kc5 53. Bxe5 1-0

[Event "Grand Masters/Experts-ch"]
[Site "Lansing"]
[Date "1999.01.09"]
[Round "1"]
[White "Mathews, Jeff"]
[Black "Bloch, Hermann"]
[Result "1-0"]
[WhiteElo "1605"]
[BlackElo "1605"]
[PlyCount "83"]
[EventDate "1999.??.??"]
[EventType "swiss"]
[EventRounds "5"]
[EventCountry "USA"]
[SourceTitle "EXT 2007"]
[Source "ChessBase"]
[SourceDate "2006.11.23"]
[SourceVersion "1"]
[SourceVersionDate "2006.11.23"]
[SourceQuality "1"]

1. e4 e5 2. Nf3 Nc6 3. Bb5 d6 4. d4 exd4 5. Nxd4 Bd7 6. Bxc6 bxc6 7. Qf3 Nf6 8. Bg5 c5 9. Nf5 Bxf5 10. Qxf5 Be7 11. Nc3 c6 12. 0-0-0 0-0 13. e5 Ne8 14. Bxe7 Qxe7 15. exd6 Qf6 16. Qxf6 Nxf6 17. Rhe1 Rad8 18. Ne4 Nd7 19. Rd3 Rfe8 20. Kd2 Re5 21. Ng3 Rxe1 22. Kxe1 Re8+ 23. Kd2 Re5 24. c4 g6 25. Ra3 Re6 26. Rxa7 Rxd6+ 27. Kc2 Kg7 28. a4 Rd4 29. b3 Ne5 30. Rc7 Nd3 31. f3 Nb4+ 32. Kc1 Nd3+ 33. Kb1 Nb4 34. Ne4 Rd1+ 35. Kb2 Rg1 36. Nxc5 Rxg2+ 37. Kc3 Na2+ 38. Kd4 Rd2+ 39. Ke3 Rd6 40. a5 Nb4 41. a6 Rd8 42. Ne6+ 1-0

[Event "Grand Masters/Experts-ch"]
[Site "Lansing"]
[Date "1999.01.09"]
[Round "2"]
[White "Mathews, Jeff"]
[Black "Mellas, Jim"]
[Result "1/2-1/2"]
[WhiteElo "1605"]
[BlackElo "1605"]
[PlyCount "62"]
[EventDate "1999.??.??"]
[EventType "swiss"]
[EventRounds "5"]
[EventCountry "USA"]
[SourceTitle "EXT 2007"]
[Source "ChessBase"]
[SourceDate "2006.11.23"]
[SourceVersion "1"]
[SourceVersionDate "2006.11.23"]
[SourceQuality "1"]

1. e4 e5 2. Nf3 Nc6 3. Bb5 a6 4. Ba4 b5 5. Bb3 Nf6 6. 0-0 Be7 7. Re1 d6 8. c3 0-0 9. h3 Na5 10. Bc2 Bb7 11. d4 exd4 12. cxd4 Re8 13. Nbd2 h6 14. Nf1 Nc4 15. b3 Nb6 16. Ng3 Bc8 17. Bb2 Bf8 18. Qd3 g6 19. Rad1 Bg7 20. Bc1 Bd7 21. e5 Nfd5 22. h4 Nb4 23. Qe2 Nxc2 24. Qxc2 Bg4 25. Rd3 Nd5 26. a3 Bxf3 27. Rxf3 Qxh4 28. Re4 Qd8 29. Qc6 Ne7 30. Qc2 dxe5 31. dxe5 Qd5 1/2-1/2